Normal view
MARC view
- Arya KT
Entry Personal Name
001 - CONTROL NUMBER
- control field: 4276
003 - CONTROL NUMBER IDENTIFIER
- control field: OSt
005 - DATE AND TIME OF LATEST TRANSACTION
- control field: 20190902100638.0
008 - FIXED-LENGTH DATA ELEMENTS
- fixed length control field: 190902|| aca||aabn | a|a d
040 ## - CATALOGING SOURCE
- Original cataloging agency: OSt
- Transcribing agency: OSt
100 ## - HEADING--PERSONAL NAME
- Personal name: Arya KT
670 ## - SOURCE DATA FOUND
- Source citation: Work cat.: (OSt): Arya KT, Design and development of a multipurpose tool carrier for homestead agriculture, 2019
